00717 2200253 4500001002100000005001700021008004100038020002200079035002500101040001200126082002200138084002200160090002200182100002100204245008000225250001100305260003800316300003100354650002000385700000900405700001600414850001200430990002100442INLIS00000000000058320141127124006.0  a978-602-7728-27-1 a0010-101400000000478 aYOPDYOG aDEP 372.623 Pri B aDEP 372.623 Pri B aDEP 372.623 Pri B aPRISMA WULANDARI aBuku anak paudb: mengenal huruif dan angka plus mewarnaicPrisma Wulandari aCet. 1 aYogyakartabIdea World Kidzc2013 aii, 42 hlm.bilus.c26 cm. aPendidikan anak aRuby aBayu Aditya aYOPDYOG aCB-D.11-2013-833